Microeconomía : (Registro nro. 12256)
[ vista simple ]
| 000 -LEADER | |
|---|---|
| fixed length control field | 01758nam a2200349Ia 4500 |
| 003 - CONTROL NUMBER IDENTIFIER | |
| control field | OSt |
| 005 - DATE AND TIME OF LATEST TRANSACTION | |
| control field | 20210819173759.0 |
| 008 - FIXED-LENGTH DATA ELEMENTS--GENERAL INFORMATION | |
| fixed length control field | 140919s2010 mx ad frb 001 0 spa d |
| 020 ## - INTERNATIONAL STANDARD BOOK NUMBER | |
| International Standard Book Number | 9786071503350 |
| 020 ## - INTERNATIONAL STANDARD BOOK NUMBER | |
| International Standard Book Number | 6071503353 |
| 040 ## - CATALOGING SOURCE | |
| Original cataloging agency | CO-BoUCM |
| Transcribing agency | CO-JMCR |
| 041 1# - LANGUAGE CODE | |
| Language code of text/sound track or separate title | spa |
| Language code of original | eng |
| 082 ## - DEWEY DECIMAL CLASSIFICATION NUMBER | |
| Classification number | 338.5 / |
| Item number | S193m |
| Edition number | 23 |
| 100 1# - MAIN ENTRY--PERSONAL NAME | |
| Personal name | Samuelson, Paul Anthony, |
| Relator term | autor |
| 9 (RLIN) | 64639 |
| 245 10 - TITLE STATEMENT | |
| Title | Microeconomía : |
| Remainder of title | con aplicaciones a Latinoamérica / |
| Statement of responsibility, etc. | Paul A. Samuelson, William D. Nordhaus ; traductor Adolfo Doras Quiǫnes |
| 250 ## - EDITION STATEMENT | |
| Edition statement | 19a edición. |
| 260 ## - PUBLICATION, DISTRIBUTION, ETC. | |
| Place of publication, distribution, etc. | México : |
| Name of publisher, distributor, etc. | McGraw-Hill |
| Date of publication, distribution, etc. | 2010. |
| 300 ## - PHYSICAL DESCRIPTION | |
| Extent | xxii, 403 páginas : |
| Other physical details | ilustraciones, cuadros y graficas ; |
| Dimensions | 27 cm. |
| 500 ## - GENERAL NOTE | |
| General note | Incluye índice y glosario. |
| 505 0# - FORMATTED CONTENTS NOTE | |
| Formatted contents note | Conceptos básicos. -- Microeconomía: oferta, demanda y mercados de productos. -- Los mercados de los factores: trabajo, tierra y capital. -- Aplicaciones de los principios económicos. |
| 520 0# - SUMMARY, ETC. | |
| Summary, etc. | Con un contenido tan actual y relevante como siempre, Microeconomía con aplicaciones a Latinoamérica, de Samuelson y Nordhaus, sigue siendo la obra que establece el modelo en la introducción a los principios de la economía moderna. La decimonovena edición de este texto atemporal cuenta con una perspectiva actualizada de los mercados financieros y de la política monetaria, y cubre los siguientes temas de actualidad. |
| 650 14 - SUBJECT ADDED ENTRY--TOPICAL TERM | |
| Topical term or geographic name entry element | Microeconomía |
| 9 (RLIN) | 19488 |
| 650 24 - SUBJECT ADDED ENTRY--TOPICAL TERM | |
| Topical term or geographic name entry element | Teoría económica |
| 9 (RLIN) | 25318 |
| 650 24 - SUBJECT ADDED ENTRY--TOPICAL TERM | |
| Topical term or geographic name entry element | Oferta y demanda |
| 9 (RLIN) | 20709 |
| 650 24 - SUBJECT ADDED ENTRY--TOPICAL TERM | |
| Topical term or geographic name entry element | Crecimiento económico |
| 9 (RLIN) | 12098 |
| 650 24 - SUBJECT ADDED ENTRY--TOPICAL TERM | |
| Topical term or geographic name entry element | Mercados |
| 9 (RLIN) | 19357 |
| 650 24 - SUBJECT ADDED ENTRY--TOPICAL TERM | |
| Topical term or geographic name entry element | Economía |
| 9 (RLIN) | 174 |
| 690 ## - LOCAL SUBJECT ADDED ENTRY--TOPICAL TERM (OCLC, RLIN) | |
| 9 (RLIN) | 42881 |
| Topical term or geographic name as entry element | Microeconoma̕ |
| 700 1# - ADDED ENTRY--PERSONAL NAME | |
| Personal name | Nordhaus, William D. |
| Relator term | autor |
| 9 (RLIN) | 53736 |
| 700 1# - ADDED ENTRY--PERSONAL NAME | |
| Personal name | Doras Quiǫnes, Adolfo |
| Relator term | traductor |
| 9 (RLIN) | 64640 |
| 942 ## - ADDED ENTRY ELEMENTS (KOHA) | |
| Source of classification or shelving scheme | Dewey Decimal Classification |
| Koha item type | Books |
| Withdrawn status | Lost status | Source of classification or shelving scheme | Damaged status | Not for loan | Home library | Current library | Shelving location | Date acquired | Source of acquisition | Full call number | Barcode | Date last seen | Copy number | Price effective from | Koha item type | Total Checkouts |
|---|---|---|---|---|---|---|---|---|---|---|---|---|---|---|---|---|
| Dewey Decimal Classification | Biblioteca Pública José María del Castillo y Rada | Biblioteca Pública José María del Castillo y Rada | General Stacks | 04/15/2018 | Donación | 338.5 / S193m | 430000288 | 05/16/2024 | Ej.1 | 03/10/2021 | Books | |||||
| Dewey Decimal Classification | Biblioteca Pública José María del Castillo y Rada | Biblioteca Pública José María del Castillo y Rada | General Stacks | 04/15/2018 | Donación | 338.5 / S193m | 430000353 | 05/16/2024 | Ej.2 | 03/10/2021 | Books |